Tilastot visalle Sanat - "Rakkaus on lumivalkoinen" - Yö

Klikkaa tästä pelataksesi tätä visaa!

Yleistilastot

  • Tätä visaa on pelattu 177 kertaa
  • Keskiarvotulos 144 / 183

Vastaustilastot

Vastaus% Oikein
lumi
100%
niin
100%
Niin
100%
on
100%
rakkaus
100%
lumivalkoinen
99%
aamu
98%
Hän
98%
hän
98%
hanki
97%
hetken
96%
Ja
96%
ja
96%
kuin
96%
pienen
96%
aamujen
95%
helmikuisten
93%
Aina
90%
aina
90%
pois
90%
sen
90%
voi
90%
Voi
90%
kauemmin
89%
kestää
89%
loisto
89%
Kun
88%
puhdas
88%
tullen
88%
vaan
88%
vois
88%
illan
87%
katoaa
87%
joskus
84%
kunpa
84%
tummuu
84%
tai
78%
maa
76%
Saa
75%
rakkaalleen
74%
tuonut
74%
ei
73%
Ei
73%
peittää
73%
maan
71%
aamukahvin
70%
taikojaan
70%
vuoteeseen
70%
tehdä
69%
ikkunasta
68%
alla
67%
mutta
67%
päivän
67%
miten
66%
näin
66%
peiton
66%
tiennyt
65%
yhtä
65%
hetkeen
64%
hiljaa
64%
koko
64%
rakkautta
64%
Valo
64%
enemmän
63%
olla
63%
saanut
63%
saikin
63%
ole
62%
jokaiseen
62%
Jumalaa
62%
katseen
62%
paljon
62%
taittuu
62%
tuntea
62%
onnen
60%
vaikkei
60%
ylöspäin
60%
kaunis
59%
onkaan
59%
huoneeseen
58%
käänsi
58%
risti
58%
jälkeen
57%
kädet
57%
kysy
57%
lapsi
57%
nukahtaa
57%
toivoi
57%
voikaan
57%
lupaa
56%
katkeruus
55%
kotiin
55%
kyllä
55%
palaamaan
55%
pieni
55%
pitkän
55%
syliin
55%
ikuisuus
54%
kiitti
53%
pyytää
53%
saapuessaan
53%
sisään
52%
koskaan
51%
vielä
48%
erottaa
47%
viestin
46%
astui
45%
katsoi
45%
kyyneleitä
45%
kirjeeseen
44%
taittoi
43%
valvottuaan
42%
Pihamaalla
41%

Tulosjakauma

Persentiili vastausten määrän mukaan

Jokaisen tuloksen saaneiden osuus

Tuloshistoriasi

Et ole pelannut tätä visaa